Basic concepts in biology / (Record no. 4679)
[ view plain ]
| 000 -LEADER | |
|---|---|
| fixed length control field | 01044nam a22002897i 4500 |
| 003 - CONTROL NUMBER IDENTIFIER | |
| control field | URS |
| 005 - DATE AND TIME OF LATEST TRANSACTION | |
| control field | 20220117120451.0 |
| 008 - FIXED-LENGTH DATA ELEMENTS--GENERAL INFORMATION | |
| fixed length control field | 180604b xxu||||| |||| 00| 0 eng d |
| 020 ## - INTERNATIONAL STANDARD BOOK NUMBER | |
| International Standard Book Number | 9714203341 |
| 040 ## - CATALOGING SOURCE | |
| Description conventions | rda |
| Transcribing agency | URS |
| Language of cataloging | eng |
| 050 ## - LIBRARY OF CONGRESS CALL NUMBER | |
| Classification number | QH320 |
| Item number | .P6 B37 2003 |
| 245 ## - TITLE STATEMENT | |
| Title | Basic concepts in biology / |
| Statement of responsibility, etc. | Gerard L. Penecilla, Minda J. Formacion, Monina M. Fandialan, Ligaya D. Valmonte, Aurea Marie M. Sandoval, Nehlia P. Esmeralda. -- |
| 264 #1 - PRODUCTION, PUBLICATION, DISTRIBUTION, MANUFACTURE, AND COPYRIGHT NOTICE | |
| Place of production, publication, distribution, manufacture | Meycauayan, Bulacan : |
| Name of producer, publisher, distributor, manufacturer | Trinitas Publishing, Inc., |
| Date of production, publication, distribution, manufacture, or copyright notice | 2003. |
| 300 ## - PHYSICAL DESCRIPTION | |
| Extent | 291 pages : |
| Other physical details | illustrations ; |
| Dimensions | 25 cm |
| 336 ## - CONTENT TYPE | |
| Content type term | text |
| Content type code | txt |
| Source | rdacontent |
| 337 ## - MEDIA TYPE | |
| Media type term | unmediated |
| Media type code | n |
| Source | rdamedia |
| 338 ## - CARRIER TYPE | |
| Carrier type term | volume |
| Carrier type code | nc |
| Source | rdacarrier |
| 504 ## - BIBLIOGRAPHY, ETC. NOTE | |
| Bibliography, etc. note | includes bibliographical references and index. |
| 650 ## - SUBJECT ADDED ENTRY--TOPICAL TERM | |
| Topical term or geographic name entry element | Biology -- Study and teaching (Higher) -- Philippines. |
| 700 ## - ADDED ENTRY--PERSONAL NAME | |
| Personal name | Penecilla, Gerard L. |
| 700 ## - ADDED ENTRY--PERSONAL NAME | |
| Personal name | Formacion, Minda J. |
| 700 ## - ADDED ENTRY--PERSONAL NAME | |
| Personal name | Fandialan, Monina M. |
| 700 ## - ADDED ENTRY--PERSONAL NAME | |
| Personal name | Valmonte, Ligaya D. |
| 700 ## - ADDED ENTRY--PERSONAL NAME | |
| Personal name | Sandoval, Aurea Marie M. |
| 700 ## - ADDED ENTRY--PERSONAL NAME | |
| Personal name | Esmeralda, Nehlia P. |
| 942 ## - ADDED ENTRY ELEMENTS (KOHA) | |
| Source of classification or shelving scheme | Library of Congress Classification |
| Koha item type | Filipiniana |
| Withdrawn status | Source of classification or shelving scheme | Damaged status | Not for loan | Collection code | Home library | Current library | Shelving location | Date acquired | Source of acquisition | Total Checkouts | Full call number | Barcode | Date last seen | Price effective from | Koha item type | Copy number |
|---|---|---|---|---|---|---|---|---|---|---|---|---|---|---|---|---|
| Dewey Decimal Classification | Reference | Angono College Library | Angono College Library | On Display | 01/01/2002 | Donation | QH 320 P6 B37 2003 | URSANG-934 | 01/01/2002 | 01/01/2002 | Filipiniana | 3 | ||||
| Library of Congress Classification | Angono College Library | Angono College Library | Filipiniana Section | 03/16/2026 | QH 320 P6 B37 2003 | URSANG-935 | 03/16/2026 | 03/16/2026 | Filipiniana | 4 | ||||||
| Library of Congress Classification | Angono College Library | Angono College Library | Filipiniana Section | 03/16/2026 | QH 320 P6 B37 2003 | URSANG-936 | 03/16/2026 | 03/16/2026 | Filipiniana | 5 | ||||||
| Library of Congress Classification | Angono College Library | Angono College Library | Filipiniana Section | 03/16/2026 | QH 320 P6 B37 2003 | URSANG-1040 | 03/16/2026 | 03/16/2026 | Filipiniana | 14 | ||||||
| Library of Congress Classification | Angono College Library | Angono College Library | Filipiniana Section | 03/16/2026 | QH 320 P6 B37 2003 | URSANG-1305 | 03/16/2026 | 03/16/2026 | Filipiniana | 19 | ||||||
| Library of Congress Classification | Non-fiction | Antipolo College Library | Antipolo College Library | On Display | 06/04/2018 | Donation | QH320 .P6 B37 2003 | URSANT-01231 | 06/04/2018 | 06/04/2018 | Filipiniana | |||||
| Library of Congress Classification | Non-fiction | Antipolo College Library | Antipolo College Library | On Display | 06/04/2018 | Donation | QH320 .P6 B37 2003 | URSANT-01233 | 06/04/2018 | 06/04/2018 | Filipiniana | |||||
| Library of Congress Classification | Non-fiction | Antipolo College Library | Antipolo College Library | On Display | 06/04/2018 | Donation | QH320 .P6 B37 2003 | URSANT-01234 | 06/04/2018 | 06/04/2018 | Filipiniana | |||||
| Library of Congress Classification | Non-fiction | Antipolo College Library | Antipolo College Library | On Display | 06/04/2018 | Donation | QH320 .P6 B37 2003 | URSANT-01235 | 06/04/2018 | 06/04/2018 | Filipiniana | |||||
| Library of Congress Classification | Non-fiction | Antipolo College Library | Antipolo College Library | On Display | 06/04/2018 | Donation | QH320 .P6 B37 2003 | URSANT-01236 | 06/04/2018 | 06/04/2018 | Filipiniana | |||||
| Library of Congress Classification | Non-fiction | Antipolo College Library | Antipolo College Library | On Display | 06/04/2018 | Donation | QH320 .P6 B37 2003 | URSANT-01237 | 06/04/2018 | 06/04/2018 | Filipiniana | |||||
| Library of Congress Classification | Non-fiction | Antipolo College Library | Antipolo College Library | On Display | 06/04/2018 | Donation | QH320 .P6 B37 2003 | URSANT-01238 | 06/04/2018 | 06/04/2018 | Filipiniana | |||||
| Library of Congress Classification | Non-fiction | Antipolo College Library | Antipolo College Library | On Display | 06/04/2018 | Donation | QH320 .P6 B37 2003 | URSANT-01239 | 06/04/2018 | 06/04/2018 | Filipiniana | |||||
| Library of Congress Classification | Non-fiction | Antipolo College Library | Antipolo College Library | On Display | 06/04/2018 | Donation | QH320 .P6 B37 2003 | URSANT-01240 | 06/04/2018 | 06/04/2018 | Filipiniana | |||||
| Library of Congress Classification | Non-fiction | Antipolo College Library | Antipolo College Library | On Display | 06/04/2018 | Donation | QH320 .P6 B37 2003 | URSANT-01242 | 06/04/2018 | 06/04/2018 | Filipiniana | |||||
| Library of Congress Classification | Non-fiction | Antipolo College Library | Antipolo College Library | On Display | 06/04/2018 | Donation | QH320 .P6 B37 2003 | URSANT-01243 | 06/04/2018 | 06/04/2018 | Filipiniana | |||||
| Library of Congress Classification | Non-fiction | Antipolo College Library | Antipolo College Library | On Display | 06/04/2018 | Donation | QH320 .P6 B37 2003 | URSANT-01244 | 06/04/2018 | 06/04/2018 | Filipiniana | |||||
| Library of Congress Classification | Non-fiction | Antipolo College Library | Antipolo College Library | On Display | 06/04/2018 | Donation | QH320 .P6 B37 2003 | URSANT-01245 | 06/04/2018 | 06/04/2018 | Filipiniana | |||||
| Library of Congress Classification | Non-fiction | Antipolo College Library | Antipolo College Library | On Display | 06/04/2018 | Donation | QH320 .P6 B37 2003 | URSANT-01403 | 06/04/2018 | 06/04/2018 | Filipiniana | |||||
| Library of Congress Classification | Non-fiction | Antipolo College Library | Antipolo College Library | On Display | 06/04/2018 | Donation | QH320 .P6 B37 2003 | URSANT-01404 | 06/04/2018 | 06/04/2018 | Filipiniana | |||||
| Library of Congress Classification | Non-fiction | Antipolo College Library | Antipolo College Library | On Display | 06/04/2018 | Donation | QH320 .P6 B37 2003 | URSANT-01600 | 06/04/2018 | 06/04/2018 | Filipiniana | |||||
| Library of Congress Classification | Non-fiction | Antipolo College Library | Antipolo College Library | On Display | 06/04/2018 | Donation | QH320 .P6 B37 2003 | URSANT-01601 | 06/04/2018 | 06/04/2018 | Filipiniana | |||||
| Library of Congress Classification | Non-fiction | Antipolo College Library | Antipolo College Library | On Display | 06/04/2018 | Donation | QH320 .P6 B37 2003 | URSANT-01602 | 06/04/2018 | 06/04/2018 | Filipiniana | |||||
| Library of Congress Classification | Non-fiction | Antipolo College Library | Antipolo College Library | On Display | 06/04/2018 | Donation | QH320 .P6 B37 2003 | URSANT-01603 | 06/04/2018 | 06/04/2018 | Filipiniana | |||||
| Library of Congress Classification | Non-fiction | Antipolo College Library | Antipolo College Library | On Display | 06/04/2018 | Donation | QH320 .P6 B37 2003 | URSANT-01604 | 06/04/2018 | 06/04/2018 | Filipiniana | |||||
| Library of Congress Classification | Non-fiction | Antipolo College Library | Antipolo College Library | On Display | 06/04/2018 | Donation | QH320 .P6 B37 2003 | URSANT-01605 | 06/04/2018 | 06/04/2018 | Filipiniana | |||||
| Library of Congress Classification | Non-fiction | Antipolo College Library | Antipolo College Library | On Display | 06/04/2018 | Donation | QH320 .P6 B37 2003 | URSANT-01606 | 06/04/2018 | 06/04/2018 | Filipiniana | |||||
| Library of Congress Classification | Non-fiction | Antipolo College Library | Antipolo College Library | On Display | 06/04/2018 | Donation | QH320 .P6 B37 2003 | URSANT-01607 | 06/04/2018 | 06/04/2018 | Filipiniana | |||||
| Library of Congress Classification | Non-fiction | Antipolo College Library | Antipolo College Library | On Display | 06/04/2018 | Donation | QH320 .P6 B37 2003 | URSANT-01608 | 06/04/2018 | 06/04/2018 | Filipiniana | |||||
| Library of Congress Classification | Non-fiction | Antipolo College Library | Antipolo College Library | On Display | 06/04/2018 | Donation | QH320 .P6 B37 2003 | URSANT-01609 | 06/04/2018 | 06/04/2018 | Filipiniana | |||||
| Library of Congress Classification | Non-fiction | Cardona College LIbrary | Cardona College LIbrary | General Stacks | 06/20/2019 | QH 320 P6 B37 2003 | URSCAR-565 | 06/20/2019 | 06/20/2019 | Filipiniana | ||||||
| Library of Congress Classification | Non-fiction | Cardona College LIbrary | Cardona College LIbrary | General Stacks | 06/20/2019 | QH 320 P6 B37 2003 | URSCAR-566 | 06/20/2019 | 06/20/2019 | Filipiniana | ||||||
| Library of Congress Classification | Non-fiction | Cardona College LIbrary | Cardona College LIbrary | General Stacks | 06/20/2019 | QH 320 P6 B37 2003 | URSCAR-567 | 06/20/2019 | 06/20/2019 | Filipiniana | ||||||
| Library of Congress Classification | Non-fiction | Cardona College LIbrary | Cardona College LIbrary | General Stacks | 06/20/2019 | QH 320 P6 B37 2003 | URSCAR-568 | 06/20/2019 | 06/20/2019 | Filipiniana | ||||||
| Library of Congress Classification | Non-fiction | Cardona College LIbrary | Cardona College LIbrary | General Stacks | 06/20/2019 | QH 320 P6 B37 2003 | URSCAR-569 | 06/20/2019 | 06/20/2019 | Filipiniana | ||||||
| Library of Congress Classification | Non-fiction | Cardona College LIbrary | Cardona College LIbrary | General Stacks | 06/20/2019 | QH 320 P6 B37 2003 | URSCAR-570 | 06/20/2019 | 06/20/2019 | Filipiniana | ||||||
| Library of Congress Classification | Non-fiction | Cardona College LIbrary | Cardona College LIbrary | General Stacks | 06/20/2019 | QH 320 P6 B37 2003 | URSCAR-571 | 06/20/2019 | 06/20/2019 | Filipiniana | ||||||
| Library of Congress Classification | Non-fiction | Cardona College LIbrary | Cardona College LIbrary | General Stacks | 06/20/2019 | QH 320 P6 B37 2003 | URSCAR-572 | 06/20/2019 | 06/20/2019 | Filipiniana | ||||||
| Library of Congress Classification | Non-fiction | Cardona College LIbrary | Cardona College LIbrary | General Stacks | 06/20/2019 | QH 320 P6 B37 2003 | URSCAR-573 | 06/20/2019 | 06/20/2019 | Filipiniana | ||||||
| Library of Congress Classification | Non-fiction | Cardona College LIbrary | Cardona College LIbrary | General Stacks | 06/20/2019 | QH 320 P6 B37 2003 | URSCAR-574 | 06/20/2019 | 06/20/2019 | Filipiniana | ||||||
| Library of Congress Classification | Non-fiction | Cardona College LIbrary | Cardona College LIbrary | General Stacks | 06/20/2019 | QH 320 P6 B37 2003 | URSCAR-575 | 06/20/2019 | 06/20/2019 | Filipiniana | ||||||
| Library of Congress Classification | Non-fiction | Cardona College LIbrary | Cardona College LIbrary | General Stacks | 06/20/2019 | QH 320 P6 B37 2003 | URSCAR-1325 | 06/20/2019 | 06/20/2019 | Filipiniana | ||||||
| Library of Congress Classification | Non-fiction | Cardona College LIbrary | Cardona College LIbrary | General Stacks | 06/20/2019 | QH 320 P6 B37 2003 | URSCAR-1326 | 06/20/2019 | 06/20/2019 | Filipiniana | ||||||
| Library of Congress Classification | Non-fiction | Pililla College Library | Pililla College Library | General Stacks | 10/11/2017 | 574 B29 2003 | URSPIL-1189 | 07/19/2018 | 10/11/2017 | Filipiniana | 1 |